Pojem a význam překážek vstupu na trh z pohledu soutěžního práva a ekonomie
Prekážky vstupu na relevantný trh a ich úloha v celom kontexte ochrany hospodárskej súťaže.
Uložené v:
| Hlavný autor: | |
|---|---|
| Médium: | Kapitola |
| Jazyk: | Czech |
| Predmet: | |
| Tagy: |
Žiadne tagy, Buďte prvý, kto otaguje tento záznam!
|
MARC
| LEADER | 00000naa a2200000 4500 | ||
|---|---|---|---|
| 001 | 0161984 | ||
| 005 | 20231128124355.7 | ||
| 041 | 0 | |a cze | |
| 044 | |a CZ | ||
| 245 | 1 | 0 | |a Pojem a význam překážek vstupu na trh z pohledu soutěžního práva a ekonomie |c Josef Šilhán |
| 520 | |a Prekážky vstupu na relevantný trh a ich úloha v celom kontexte ochrany hospodárskej súťaže. | ||
| 610 | 2 | 0 | |a ekonómia |
| 610 | 2 | 0 | |a ochrana súťaže hospodárskej |
| 610 | 2 | 0 | |a konkurencia |
| 610 | 2 | 0 | |a trh relevantný |
| 610 | 2 | 0 | |a bariéry konkurenčné |
| 100 | 1 | |a Šilhán, Josef | |